| 000 | 01113cam a2200361 a 4500 | ||
|---|---|---|---|
| 001 | 22407 | ||
| 003 | SK-KTurca | ||
| 005 | 20260327153133.0 | ||
| 008 | 240314s2011 xo g 000 f slo | ||
| 015 | _aSNBA2013/04 | ||
| 020 |
_a9788055128214 _q(viaz.) |
||
| 035 | _a46712234-192C-46E8-8BAF-FE3E01DFFDD4 | ||
| 035 | _aurn:nbn:sk:snk-amjk37 | ||
| 035 | _aurn:nbn:sk:snk-am000yv0 | ||
| 040 |
_aPPPK _bslo _cPPPK _dSNK _eAACR2 |
||
| 041 | 1 |
_aslo _heng |
|
| 044 |
_axo _cSK |
||
| 072 | 7 |
_a821.111(73)-3 _xAmerická próza _2konspekt |
|
| 080 |
_a821.111(73)-31 _22001 |
||
| 080 |
_a(0:82-312.5) _22001 |
||
| 100 | 1 |
_aKleypas, Lisa, _d1964- _4aut |
|
| 240 | 1 | 0 |
_aWorth Any Price _lSlovensky |
| 245 | 1 | 0 |
_aHlas srdca _cLisa Kleypasová ; [z anglického originálu preložila Miriam Ghaniová] |
| 250 | _a[1. vyd.] | ||
| 260 |
_aBratislava _bIkar _c2012 |
||
| 300 |
_a237 s. _c21 cm |
||
| 655 | 7 |
_aamerické romány _2SNKPH |
|
| 655 | 7 |
_aľúbostné romány _2SNKPH |
|
| 655 | 7 |
_aAmerican fiction _2SNKPHeng |
|
| 655 | 7 |
_aLove novels _2SNKPHeng |
|
| 700 | 1 |
_aGhaniová, Miriam _4trl |
|
| 942 |
_2ddc _cKLDO _n0 |
||
| 999 |
_c22407 _d22407 |
||